• 首页
  • 本馆介绍
  • 公告通知
  • 最新文献
  • 馆藏检索
  • 电子资源
  • 读者导购
  • 参考咨询
  • 我的图书馆
  • 登录
  • 详细信息显示
  • 放入我的书架
  • 预约/预借图书
  • 作者相关作品
  • 分类相关作品
  • 丛书相关作品
  • 出版社相关作品

书目信息

  • 表格格式
  • 工作单格式
  • 卡片格式
题名:
星星的孩子不孤单
    
 
作者: 杜林 , 曹昱 著
分册:  
出版信息: 上海   华东师范大学出版社  2017
页数: 146页
开本: 21cm
丛书名:
单 册:
中图分类: G766
科图分类:
主题词: 孤独症--儿童教育--特殊教育
电子资源:
ISBN: 978-7-5675-6302-5
000 01173nam0 2200265 450
001 1887
005 20180522152047.07
010    @a978-7-5675-6302-5@dCNY28.00
100    @a20170905d2017 em y0chiy50 ea
101 0  @achi
102    @aCN@b310000
105    @aa z 000yy
200 1  @a星星的孩子不孤单@9xing xing de hai zi bu gu dan@e写给自闭症儿童父母的话@f杜林,曹昱著
210    @a上海@c华东师范大学出版社@d2017
215    @a146页@c图@d21cm
314    @a杜林,女,纽约哥伦比亚大学行为分析专业博士,博士级国际行为分析师等职。
314    @a曹昱,女,纽约哥伦比亚大学分析专业博士,博士级国际行为分析师,美国纽约州注册行为分析师等职。
330    @a本书的前半部分向家长和老师们介绍了自闭症和行为治疗的基本知识和现状,对与自闭症有关的常见的问题进行了解答,特别是对家长等的常见理解误区作了更正。本书的后半部分对家长和老师们关心的话题和干预方法作了详细描述,重点对自闭症儿童的早期干预方法进行阐述。
517 1  @a写给自闭症儿童父母的话@9xie gei zi bi zheng er tong fu mu de hua
606 0  @a孤独症@x儿童教育@x特殊教育
690    @aG766@v5
701  0 @a杜林@9du lin@4著
701  0 @a曹昱@9cao yu@4著
801  0 @aCN@b91MARC@c20170905
905    @aMuseLib@dG766@e107
    
    星星的孩子不孤单:写给自闭症儿童父母的话/杜林,曹昱著.-上海:华东师范大学出版社,2017
    146页:图;21cm
    
    
    ISBN 978-7-5675-6302-5:CNY28.00
    本书的前半部分向家长和老师们介绍了自闭症和行为治疗的基本知识和现状,对与自闭症有关的常见的问题进行了解答,特别是对家长等的常见理解误区作了更正。本书的后半部分对家长和老师们关心的话题和干预方法作了详细描述,重点对自闭症儿童的早期干预方法进行阐述。
●
相关链接 在E读中查询图书 在五车中查询图书 在当当中查询图书 在豆瓣中查询图书


正题名:星星的孩子不孤单     索取号:G766/107         预约/预借

序号 登录号 条形码 馆藏地/架位号 状态 备注
1 1107091   211070918   第一样本阅览室/ [索取号:G766/107] 在馆    
2 1107092   211070927   教育系资料室/ [索取号:G766/107] 在馆    
3 1107093   211070936   教育系资料室/ [索取号:G766/107] 在馆    
4 1107094   211070945   第四借阅区/ [索取号:G766/107] 在馆    
唐山师范学院图书馆 欢迎您!
大连网信软件有限公司© 版权所有